000 01110cam a2200217 4500
001 WB3814-25
008 020416n2002 000 0 eng u
035 _a(Sirsi) u117525
245 _aSurveyors predict fall
260 _c2002
490 _aRICS Scotland News Release
_v12 April 2002, (2)
520 _aProposed Agricultural Holdings legislation that will give tenants the right to buy may prove problematic according to RICS Scotland. Head of Scotland's Rural Faculty Board argues the farm lettings market may decline dramatically if tenants are given new rights despite the initial attractions of the scheme. RICS recommends that to increase the amount of let land restrictions should be removed and consideration given to more flexible types of lease. For RICS Scotland Press Release: http://www.rics-scotland.org.uk/rics_media.html
590 _aWB
650 _aAGRICULTURAL HOLDINGS
650 _aRURAL FACULTY BOARD
650 _aABOUT RICS-RICS MEMBERS
650 _aSCOTTISH EXECUTIVE
650 _aLIMITED DURATION TENANCIES
690 _aRURAL-AGRICULTURE AND FORESTRY
942 _n0
999 _c69993
_d69993